| 000 | 00469 a2200157 4500 | ||
|---|---|---|---|
| 020 | _a8129711613 | ||
| 040 |
_aDLC _bDLC |
||
| 100 | _aKumar, Ranjit | ||
| 245 |
_aResearch methodology: a step-by-step guide for beginners _cRanjit Kumar |
||
| 250 | _a2nd ed. | ||
| 260 |
_aNew Delhi: _bPearson Education, _c2005. |
||
| 300 |
_axix, 331 p. : _bill. ; _c24 cm. |
||
| 500 | _aIncludes Index | ||
| 650 | _aSocial sciences--Research--Methodology. | ||
| 942 |
_cBK _k300.72 KUM _2ddc |
||
| 999 |
_c9796 _d9796 |
||